LEADER 00997nam a2200217 i 4500 001 000000171037 003 CaOOAMICUS 005 20080416000000.0 008 080416s1942 it u000 u ita u 013 $a148461 040 $aSeMil$bita 100 1 $aKleist, Heinrich : von,$d<1777-1811>.$0(OLS)http://semarc/name/8788 245 10$aCaterina di Heilbronn. Il principe di Homburg /$cEnrico von Kleist ; A cura di Giovanni Necco. 260 $aTorino :$bUnione Tipografico-Editrice Torinese,$c1942. 300 $a235 p., [1] p. di ritratto ;$c19 cm. 500 $aIn mezzo al front : Ristampa stereotipa della 1° edizione 1936-XIV. 700 1 $aNecco, Giovanni.$0(OLS)http://semarc/name/54208 850 $aSeMil 852 $aSeMil$W1$xVenegono$y1$m1W II 67$j121914$B121914$CSeMilBibl$Z2$F133153 $81 996 $6245$aCaterina di Heilbronn. Il principe di Homburg$9(OLS)http://semarc/title/244680 996 $6260$aTorino :$bUnione Tipografico-Editrice Torinese$9(OLS)http://semarc/publisher/29628 LEADER 00578nab a2200145 i 4500 001 000000309819 003 CaOOAMICUS 005 20180831173001.0 008 180831n xx uu u0 0und r 013 $a18914 040 $aSeMil$bita 100 1 $aBertoletti, Luigi.$0(OLS)http://semarc/name/88197 245 13$aLa critica della Sapienza al nostro «Sguardo ragionato intorno alla Teosofia Rosminiana». 773 0 $t[Luglio-Dicembre].$g542-554$w()273970 996 $6245$aLa critica della Sapienza al nostro «Sguardo ragionato intorno alla Teosofia Rosminiana»$9(OLS)http://semarc/title/384800